Science Quiz

Random Science or Math Quiz

Minute Math: Square Roots Quiz Stats

 Plays Quiz Updated Oct 7, 2014

Score 0/20 Timer 01:00
6 Plays Today
What is the square root of... Answer % Correct
42
99.4%
10010
99.1%
93
98.8%
366
98.6%
14412
98.5%
255
98%
648
97.5%
12111
96.7%
40020
95.3%
164
94.2%
What is the square root of... Answer % Correct
16913
93.9%
11
93.7%
497
93.5%
819
87.4%
22515
80.7%
32418
78.3%
28917
75.7%
19614
73.5%
25616
69.4%
36119
63.1%

You're not logged in!

Compare scores with friends on all Sporcle quizzes.
OR
Log In

Sporcle TV

Today on Sporcle TV


Watch our educational content, quiz creation guides, and fun videos on Sporcle TV.

Show Comments

Extras

Top Quizzes Today


Score Distribution

Your Account Isn't Verified!

In order to create a playlist on Sporcle, you need to verify the email address you used during registration. Go to your Sporcle Settings to finish the process.

Report this User

Report this user for behavior that violates our Community Guidelines.

Details: